| 000 | 00984nam a22002657a 4500 | ||
|---|---|---|---|
| 005 | 20111010123219.0 | ||
| 008 | 111010t xxu||||| |||| 00| 0 eng d | ||
| 010 | _aENG-103926 | ||
| 020 |
_a9788122204889 _c130.00 |
||
| 020 |
_a8122204880 _c130.00 |
||
| 035 | _aEN-87459 | ||
| 037 | _bDBAD / PUB | ||
| 040 |
_adpl _bEnglish |
||
| 082 | _a155.418 | ||
| 100 | _935374 | ||
| 245 |
_aLife changers dreamers & doers / _cedited by Robert H. Schuller |
||
| 260 |
_aNew Delhi _bOrient Paperbacks _c2011 |
||
| 270 |
_a5A/8, Ansari Road _bNew Delhi _e110002 |
||
| 300 |
_a191p. _c20cm (pbk) |
||
| 650 | _935375 | ||
| 700 |
_935376 _aSchuller, Robert A. |
||
| 942 |
_2ddc _cEN _mLIF _h155.418 |
||
| 999 |
_c57461 _d57461 |
||